| 000 | 01690nam a2200409 i 4500 | ||
|---|---|---|---|
| 001 | bg | ||
| 003 | BPK | ||
| 005 | 20191122132503.0 | ||
| 008 | 990123s1998 pl a f |100 0 pol | ||
| 015 | _aPB 1999/3472 | ||
| 020 | _a8387424528 | ||
| 040 |
_aWA N _cBPK |
||
| 041 | 0 |
_apol _beng |
|
| 080 | _a621.51/.54 | ||
| 080 | _a681.5 | ||
| 080 | _a(06) | ||
| 111 | 2 |
_aOgólnopolska Konferencja PNEUMA'98 _n(11 ; _d1998 ; _cKoszalin-Mielno). |
|
| 245 | 1 | 0 |
_aPNEUMA'98 : _bmateriały XI ogólnopolskiej konferencji, Koszalin-Mielno / _c[red. Wojciech Tarnowski] ; Politechnika Koszalińska. Katedra Systemów Sterowania. |
| 246 | 3 | _aOgólnopolska Konferencja PNEUMA'98, 11. | |
| 260 |
_aKoszalin : _bWydaw. Uczelniane PK, _c1998. |
||
| 300 |
_a119 s. : _bwykr., rys. ; _c24 cm. |
||
| 504 | _aBibliogr. przy mater. | ||
| 546 | _aStreszcz. ang. przy mater. - Spis treści także ang. | ||
| 658 | _aInżynieria i technika | ||
| 650 | 4 | _aProjektowanie wspomagane komputerowo | |
| 650 | 4 | _aZastosowanie i wykorzystanie | |
| 650 | 4 | _aSterowanie | |
| 650 | 4 | _aUrządzenia | |
| 655 | 4 | _aMateriały konferencyjne | |
| 650 | 4 | _aPneumatyka | |
| 710 | 2 | _aKatedra Systemów Sterowania (Politechnika Koszalińska) | |
| 700 | 1 |
_aTarnowski, Wojciech _d(1936- ) _eRedakcja |
|
| 710 | 2 |
_aWydawnictwo Uczelniane (Politechnika Koszalińska) _b. _4pbl. |
|
| 856 |
_uhttp://koha.tu.koszalin.pl/cgi-bin/koha/opac-detail.pl?biblionumber=33604 _yKatalog online BPK |
||
| 856 |
_uhttp://dlibra.tu.koszalin.pl/dlibra/docmetadata?id=632&from=&dirids=1&ver_id=&lp=5&QI= _yBiblioteka Cyfrowa |
||
| 942 |
_2UKD _cKS |
||
| 999 |
_c33604 _d33604 |
||